[Event "XXI Coppa Autunno"]
[Site "Ivrea ITA"]
[Date "2010.10.30"]
[Round "5"]
[White "Petrone, Denise"]
[Black "Papalini, Claudio"]
[Result "0-1"]
[WhiteElo "1404"]
[BlackElo "1718"]
[PlyCount "92"]
[EventDate "2010.10.02"]

1. e4 e6 2. d4 d5 3. e5 b6 4. Nc3 c5 5. Nf3 Ba6 6. Bxa6 Nxa6 7. O-O Qd7 8. Be3
h6 9. Qd3 Nc7 10. dxc5 bxc5 11. b3 Qc6 12. Na4 Rd8 13. c4 d4 14. Bd2 Ne7 15.
Rfe1 Nc8 16. Qe4 Qxe4 17. Rxe4 Nb6 18. Nxb6 axb6 19. Rb1 Be7 20. h3 O-O 21. b4
Rb8 22. bxc5 bxc5 23. Rxb8 Rxb8 24. Ba5 Na6 25. Re1 Rb7 26. Rd1 Rb2 27. Rd2 Rb7
28. Rc2 Rb1+ 29. Kh2 Nb4 30. Bxb4 Rxb4 31. Nd2 Bg5 32. a3 Ra4 33. Nb1 Bf4+ 34.
g3 Bxe5 35. f4 Bf6 36. Nd2 Rxa3 37. Rb2 Be7 38. Rb7 Bf8 39. Rb8 Ra2 40. Kg1
Rxd2 41. Kf1 Rc2 42. Ra8 Rxc4 43. Ra3 Rb4 44. Ke2 c4 45. Kd2 Rb2+ 46. Kc1 Bxa3
0-1

[Event "XXI Coppa Autunno"]
[Site "Ivrea ITA"]
[Date "2010.11.04"]
[Round "5"]
[White "Razzano, Lorenzo"]
[Black "Chiarotto, Filippo"]
[Result "1/2-1/2"]
[WhiteElo "1928"]
[BlackElo "2119"]
[PlyCount "39"]
[EventDate "2010.10.02"]

1. e4 c5 2. Nf3 a6 3. c4 d6 4. d4 Bg4 5. Be2 Bxf3 6. Bxf3 cxd4 7. Qxd4 Nc6 8.
Qd1 g6 9. Bd2 Bg7 10. Bc3 Bxc3+ 11. Nxc3 Nf6 12. O-O O-O 13. Rc1 Qa5 14. Kh1
Rac8 15. Be2 Ne5 16. Qb3 Qc7 17. h3 Ned7 18. Nd5 Nxd5 19. exd5 Qb6 20. Qxb6
1/2-1/2

[Event "XXI Coppa Autunno"]
[Site "Ivrea ITA"]
[Date "2010.11.10"]
[Round "6"]
[White "Bellafiore, Enzo"]
[Black "Giunto, Stefano"]
[Result "1-0"]
[WhiteElo "1830"]
[BlackElo "1392"]
[PlyCount "109"]
[EventDate "2010.10.02"]

1. d4 d5 2. c4 e6 3. Nc3 Nf6 4. cxd5 exd5 5. Bg5 Nbd7 6. e3 Be7 7. Bd3 O-O 8.
Nf3 Re8 9. O-O h6 10. Bh4 c6 11. Re1 Bd6 12. Qc2 Qc7 13. Rac1 b6 14. Nb5 cxb5
15. Qxc7 Bxc7 16. Rxc7 b4 17. Bb5 a6 18. Bc6 Rb8 19. Bxf6 gxf6 20. Bxd7 Bxd7
21. Rxd7 Rec8 22. Rxd5 Rc2 23. Rb1 Rbc8 24. Ne1 Rc1 25. Rxc1 Rxc1 26. Kf1 Ra1
27. Rd6 Rxa2 28. Rxb6 Rxb2 29. Nd3 Rb1+ 30. Ke2 a5 31. Kd2 b3 32. Ra6 Ra1 33.
Kc3 a4 34. d5 Kf8 35. Kb4 Ra2 36. Rxa4 b2 37. Nxb2 Rxb2+ 38. Kc3 Rxf2 39. Rg4
Ke7 40. Kd4 Rd2+ 41. Kc4 Rc2+ 42. Kd3 Ra2 43. e4 Ra3+ 44. Kc4 Ra4+ 45. Kb3 Rd4
46. Kc3 Ra4 47. Rh4 f5 48. d6+ Kxd6 49. e5+ Kxe5 50. Rxa4 f6 51. Rh4 f4 52. Kd3
f5 53. Rxh6 Kd5 54. Rh5 Ke5 55. Rh3 1-0

[Event "XXI Coppa Autunno"]
[Site "Ivrea ITA"]
[Date "2010.11.06"]
[Round "6"]
[White "Bosticardo, Tommaso"]
[Black "Agostino, Pietro"]
[Result "1-0"]
[WhiteElo "1558"]
[BlackElo "1520"]
[PlyCount "55"]
[EventDate "2010.10.02"]

1. d4 d5 2. c4 Nf6 3. cxd5 Nxd5 4. Nf3 e6 5. e4 Ne7 6. Nc3 Nbc6 7. Bc4 Ng6 8.
O-O Be7 9. Re1 O-O 10. Be3 Na5 11. Bd3 b6 12. Rc1 c6 13. Ne2 Nb7 14. Rxc6 Bd7
15. Rc1 Nh4 16. Nxh4 Bxh4 17. e5 Bg5 18. Bxg5 Qxg5 19. Rc7 Bc8 20. Be4 Rb8 21.
Qc2 Qd8 22. Bxh7+ Kh8 23. Rc3 g6 24. Rh3 Kg7 25. Qd2 f5 26. Qh6+ Kf7 27. Bxg6+
Ke7 28. Qg7+ 1-0

[Event "XXI Coppa Autunno"]
[Site "Ivrea ITA"]
[Date "2010.11.06"]
[Round "6"]
[White "Caserio, Federico"]
[Black "Pitti, Gianluca"]
[Result "1-0"]
[WhiteElo "1389"]
[BlackElo "1440"]
[PlyCount "85"]
[EventDate "2010.10.02"]

1. e4 e5 2. Nf3 Nc6 3. Nc3 Nf6 4. Bb5 Bb4 5. d3 Bxc3+ 6. bxc3 d6 7. O-O Bd7 8.
Re1 Qe7 9. Bg5 O-O-O 10. Bxf6 Qxf6 11. Bxc6 Bxc6 12. d4 Qf4 13. d5 Bd7 14. Qd3
Qg4 15. Re3 Qg6 16. c4 Bh3 17. Ne1 Bd7 18. Qa3 a6 19. c5 Be8 20. Rb1 h5 21.
Reb3 Kd7 22. f3 Rb8 23. cxd6 cxd6 24. Rxb7+ Rxb7 25. Rxb7+ Kd8 26. Qxa6 Bd7 27.
Qa7 Ke7 28. Rxd7+ Kf6 29. Rxd6+ Kg5 30. Rxg6+ Kxg6 31. Nd3 f6 32. Qd7 Ra8 33.
Qf5+ Kf7 34. Qxh5+ Ke7 35. Nb4 Ra4 36. Nc6+ Kd7 37. Qf7+ Kc8 38. d6 Rxa2 39.
Qxa2 Kd7 40. Qd5 g5 41. Nb8+ Kc8 42. Qb5 Kd8 43. Qd7# 1-0

[Event "XXI Coppa Autunno"]
[Site "Ivrea ITA"]
[Date "2010.11.11"]
[Round "6"]
[White "Chiarotto, Filippo"]
[Black "Allegro, Mattia"]
[Result "1-0"]
[WhiteElo "2119"]
[BlackElo "1912"]
[PlyCount "45"]
[EventDate "2010.10.02"]

1. e4 c5 2. b4 cxb4 3. a3 bxa3 4. Nxa3 Nc6 5. d4 g6 6. Nf3 Bg7 7. Bc4 d6 8. O-O
Nf6 9. Qd3 O-O 10. Bd2 Bg4 11. c3 a6 12. h3 Bxf3 13. Qxf3 Qc7 14. Qd3 Rfc8 15.
f4 Na5 16. Ba2 b5 17. e5 Nd7 18. e6 fxe6 19. Bxe6+ Kh8 20. f5 gxf5 21. Rxf5 Rf8
22. Bxd7 Qxd7 23. Rh5 1-0

[Event "XXI Coppa Autunno"]
[Site "Ivrea ITA"]
[Date "2010.11.06"]
[Round "6"]
[White "Ganio Ottavio, Gabriele"]
[Black "Castello, Leonardo"]
[Result "1-0"]
[WhiteElo "1446"]
[BlackElo "1407"]
[PlyCount "93"]
[EventDate "2010.10.02"]

1. e4 e5 2. Nf3 Nc6 3. Bb5 Nf6 4. Nc3 Bc5 5. Bxc6 dxc6 6. Qe2 Bd4 7. O-O O-O 8.
d3 Bxc3 9. bxc3 Re8 10. Rd1 Bg4 11. d4 exd4 12. Rxd4 Qc8 13. Bg5 c5 14. Rdd1
Rxe4 15. Qd3 c4 16. Qf1 Bxf3 17. gxf3 Re6 18. Qxc4 h6 19. Bxf6 Rxf6 20. Qe4
Rg6+ 21. Kf1 Rb8 22. f4 Qe8 23. Qd3 Rd8 24. Qxd8 Qxd8 25. Rxd8+ Kh7 26. f5 Rf6
27. Rb1 b6 28. Rd7 c5 29. Rxa7 Rxf5 30. Rxb6 f6 31. Rbb7 Rg5 32. a4 c4 33. a5
f5 34. f4 Rg6 35. h4 h5 36. a6 Rxa6 37. Rxa6 Kg8 38. Ra8+ Kh7 39. Ra4 Kg6 40.
Rxc4 Kf6 41. Rc5 g6 42. Rb6+ Kg7 43. Rcc6 Kh6 44. Rxg6+ Kh7 45. Rgc6 Kg7 46.
Rb7+ Kf8 47. Rc8# 1-0

[Event "XXI Coppa Autunno"]
[Site "Ivrea ITA"]
[Date "2010.11.11"]
[Round "6"]
[White "Gennaro, Isabella"]
[Black "Bruera, Marco"]
[Result "0-1"]
[WhiteElo "1640"]
[BlackElo "1524"]
[PlyCount "44"]
[EventDate "2010.10.02"]

1. e4 d5 2. exd5 Nf6 3. Nf3 Nxd5 4. Bc4 Bg4 5. h3 Bh5 6. d4 e6 7. Bd2 Nc6 8. g4
Bg6 9. Nc3 Ndb4 10. Bb3 Nxd4 11. Nxd4 Qxd4 12. a3 Nc6 13. Qe2 Qe5 14. O-O-O
Qxe2 15. Nxe2 O-O-O 16. Bf4 Bc5 17. f3 e5 18. Bg3 Be3+ 19. Kb1 f6 20. Be6+ Kb8
21. h4 h5 22. Be1 Rxd1+ 0-1

[Event "XXI Coppa Autunno"]
[Site "Ivrea ITA"]
[Date "2010.11.11"]
[Round "6"]
[White "Giachino, Adriano"]
[Black "Castaldo, Antonio"]
[Result "1-0"]
[WhiteElo "1711"]
[BlackElo "1705"]
[PlyCount "37"]
[EventDate "2010.10.02"]

1. e4 d6 2. Nc3 g6 3. b3 Bg7 4. Bb2 Nf6 5. Be2 O-O 6. d3 e5 7. Qd2 Nc6 8. Nf3
Bg4 9. h3 Bxf3 10. Bxf3 Nd4 11. O-O-O Nxf3 12. gxf3 Nh5 13. Rdg1 Nf4 14. h4 c6
15. h5 b5 16. Ne2 Bh6 17. Kb1 Nxe2 18. Qxh6 Nxg1 19. hxg6 1-0

[Event "XXI Coppa Autunno"]
[Site "Ivrea ITA"]
[Date "2010.11.11"]
[Round "6"]
[White "Listello, Massimiliano"]
[Black "Paonessa, Denis"]
[Result "0-1"]
[WhiteElo "1558"]
[BlackElo "1902"]
[PlyCount "64"]
[EventDate "2010.10.02"]

1. e4 e5 2. Nf3 Nc6 3. Bb5 a6 4. Ba4 Nf6 5. d3 Bc5 6. O-O b5 7. Bb3 d6 8. h3
O-O 9. Nbd2 Ne7 10. Re1 Ng6 11. Nf1 Bb7 12. Ng3 d5 13. exd5 Nxd5 14. Nxe5 Nxe5
15. Rxe5 Qd6 16. Qe2 Bd4 17. Rg5 Rae8 18. Qg4 Re1+ 19. Kh2 Bxf2 20. Rxg7+ Kh8
21. Rxh7+ Kxh7 22. Qf5+ Qg6 23. Qxf2 Ree8 24. Ne4 f5 25. Qh4+ Kg7 26. Ng5 Re2
27. Bxd5 Qd6+ 28. Bf4 Qxd5 29. Qh7+ Kf6 30. Qh6+ Ke7 31. Qg7+ Ke8 32. Qg6+ Kd8
0-1

[Event "XXI Coppa Autunno"]
[Site "Ivrea ITA"]
[Date "2010.11.11"]
[Round "6"]
[White "Ranieri, Fabrizio"]
[Black "Melling, Jonathon"]
[Result "1-0"]
[WhiteElo "2277"]
[BlackElo "1905"]
[PlyCount "35"]
[EventDate "2010.10.02"]

1. e4 e5 2. Bc4 Nc6 3. Nf3 Bb4 4. O-O d6 5. c3 Ba5 6. d4 f6 7. Qa4 a6 8. Bxg8
Rxg8 9. b4 Bd7 10. Qb3 Rf8 11. bxa5 Nxa5 12. Qc2 Bb5 13. Re1 Qd7 14. a4 Bc4 15.
Nbd2 Bg8 16. Ba3 O-O-O 17. d5 h6 18. Bb4 1-0

[Event "XXI Coppa Autunno"]
[Site "Ivrea ITA"]
[Date "2010.11.06"]
[Round "6"]
[White "Renzini, Lorenzo"]
[Black "Papalini, Claudio"]
[Result "1-0"]
[WhiteElo "1751"]
[BlackElo "1718"]
[PlyCount "89"]
[EventDate "2010.10.02"]

1. c4 e6 2. Nf3 d5 3. cxd5 exd5 4. d4 c6 5. g3 Bd6 6. Bg2 Bg4 7. O-O Ne7 8. b3
O-O 9. Ba3 Bxa3 10. Nxa3 Qd7 11. Ne5 Qc8 12. Rc1 Bh3 13. e3 Bxg2 14. Kxg2 Qe6
15. Nc2 Nd7 16. Nf3 Nf6 17. Nb4 Rfc8 18. Nd3 Nd7 19. Ng5 Qg6 20. h4 h6 21. Nf4
Qf5 22. Nf3 Ng6 23. Nxg6 Qxg6 24. Qc2 Qxc2 25. Rxc2 Re8 26. b4 Rac8 27. Rfc1
Nb6 28. Nd2 a6 29. Re1 f5 30. Kf3 Kf7 31. g4 g6 32. gxf5 gxf5 33. Rg1 Kf6 34.
Rcc1 Rg8 35. Nb3 Rg7 36. Rxg7 Kxg7 37. Rg1+ Kf6 38. h5 Rh8 39. Kf4 Rh7 40. Rg6+
Ke7 41. Nc5 Nc4 42. Re6+ Kf8 43. Kxf5 Nd2 44. Kg6 Rh8 45. Nd7+ 1-0

[Event "XXI Coppa Autunno"]
[Site "Ivrea ITA"]
[Date "2010.11.06"]
[Round "6"]
[White "Saccuman, Andrea"]
[Black "Tricerri, Pierino"]
[Result "0-1"]
[WhiteElo "1374"]
[BlackElo "1523"]
[PlyCount "40"]
[EventDate "2010.10.02"]

1. e4 c5 2. Nf3 Nc6 3. c3 Nf6 4. d3 d5 5. exd5 Nxd5 6. Be2 e5 7. O-O Bd6 8. Be3
O-O 9. Nbd2 b5 10. d4 c4 11. Ne4 Bc7 12. b3 f5 13. Ned2 Nxc3 14. Qe1 f4 15.
bxc4 fxe3 16. fxe3 exd4 17. exd4 Re8 18. Rf2 Nxd4 19. Nxd4 Qxd4 20. cxb5 Rxe2
0-1

[Event "XXI Coppa Autunno"]
[Site "Ivrea ITA"]
[Date "2010.11.18"]
[Round "7"]
[White "Agostino, Pietro"]
[Black "Bellafiore, Enzo"]
[Result "0-1"]
[WhiteElo "1520"]
[BlackElo "1830"]
[PlyCount "56"]
[EventDate "2010.10.02"]

1. e4 Nf6 2. e5 Nd5 3. d4 d6 4. c4 Nb6 5. exd6 exd6 6. Nf3 Bg4 7. Nbd2 Nc6 8.
Be2 Be7 9. b3 Bf6 10. Bb2 O-O 11. O-O Re8 12. Re1 Qd7 13. Rb1 Bf5 14. Ra1 Nb4
15. Rf1 Qe7 16. c5 dxc5 17. Bb5 c6 18. a3 Nc2 19. Bxc6 bxc6 20. Ra2 Nxd4 21.
Bxd4 cxd4 22. Nc4 Nxc4 23. bxc4 c5 24. Re1 Qd7 25. Nd2 Rab8 26. Nf1 h6 27. Ng3
Rxe1+ 28. Qxe1 Rb1 0-1

[Event "XXI Coppa Autunno"]
[Site "Ivrea ITA"]
[Date "2010.11.17"]
[Round "7"]
[White "Castaldo, Antonio"]
[Black "Bogatto, Mario"]
[Result "1-0"]
[WhiteElo "1705"]
[BlackElo "1455"]
[PlyCount "103"]
[EventDate "2010.10.02"]

1. Nf3 d5 2. g3 c5 3. d3 Nc6 4. Bg2 Nf6 5. O-O e6 6. Nbd2 Qc7 7. Nb3 Be7 8. Be3
d4 9. Bg5 b6 10. Bf4 e5 11. Bxe5 Nxe5 12. Nxe5 Bb7 13. Bxb7 Qxb7 14. e4 dxe3
15. fxe3 O-O 16. Qf3 Qd5 17. Qxd5 Nxd5 18. e4 Nf6 19. Nc6 Rfe8 20. Nxe7+ Rxe7
21. Rf3 a5 22. Nd2 b5 23. Rf5 Nd7 24. Rd5 a4 25. Rf1 Rc8 26. c3 Nf6 27. Rdf5
Ng4 28. R5f3 Ne5 29. Re3 Ng4 30. Re2 Ne5 31. d4 cxd4 32. cxd4 Ng6 33. Nf3 Rce8
34. Rfe1 f5 35. e5 Nf8 36. d5 Rb7 37. e6 Rb6 38. Rd2 Rd6 39. Ne5 Nxe6 40. Nc6
Kf7 41. dxe6+ Rdxe6 42. Rxe6 Kxe6 43. Re2+ Kf7 44. Rxe8 Kxe8 45. Nd4 g6 46.
Nxb5 Kd7 47. Nc3 a3 48. bxa3 Kc6 49. a4 Kb6 50. Kg2 Ka5 51. Kf3 Kb4 52. Kf4 1-0

[Event "XXI Coppa Autunno"]
[Site "Ivrea ITA"]
[Date "2010.11.18"]
[Round "7"]
[White "Chiarotto, Filippo"]
[Black "Ranieri, Fabrizio"]
[Result "0-1"]
[WhiteElo "2119"]
[BlackElo "2277"]
[PlyCount "102"]
[EventDate "2010.10.02"]

1. e4 e6 2. d4 d5 3. Nc3 Nf6 4. Bg5 Be7 5. e5 Nfd7 6. Bxe7 Qxe7 7. Nf3 a6 8.
Bd3 c5 9. dxc5 Nc6 10. Qe2 Nxc5 11. O-O Nxd3 12. Qxd3 Bd7 13. a3 O-O 14. Rad1
Rac8 15. Rfe1 Na5 16. Nxd5 exd5 17. Qxd5 Bb5 18. Nd4 Rcd8 19. Nf5 Qg5 20. h4
Rxd5 21. hxg5 Rxd1 22. Rxd1 Nc4 23. Nd6 Rd8 24. Rd4 Nxd6 25. exd6 Kf8 26. c4
Bd7 27. c5 Re8 28. b4 Re1+ 29. Kh2 Ke8 30. Rh4 Bf5 31. Rf4 Bg6 32. Kg3 Kd7 33.
a4 Rd1 34. Rc4 Kc6 35. Kf4 Rd5 36. g4 Bb1 37. Ke3 Rd3+ 38. Ke2 Rd5 39. Ke3 Ba2
40. Rd4 Re5+ 41. Kd2 Re8 42. f4 a5 43. f5 Rb8 44. Kc3 axb4+ 45. Kxb4 Bd5 46.
Rd2 Re8 47. Rd4 Re4 48. Rxe4 Bxe4 49. f6 gxf6 50. gxf6 h6 51. Kc3 Bf3 0-1

[Event "XXI Coppa Autunno"]
[Site "Ivrea ITA"]
[Date "2010.11.18"]
[Round "7"]
[White "Giachino, Adriano"]
[Black "Renzini, Lorenzo"]
[Result "0-1"]
[WhiteElo "1711"]
[BlackElo "1751"]
[PlyCount "114"]
[EventDate "2010.10.02"]

1. e4 c5 2. Nf3 d6 3. b3 Nf6 4. Nc3 g6 5. Bb2 Bg7 6. d4 cxd4 7. Nxd4 O-O 8. Bc4
e6 9. Be2 Nc6 10. f3 Nxd4 11. Qxd4 Nh5 12. Qe3 Qh4+ 13. Qf2 Qxf2+ 14. Kxf2 Bd4+
15. Kf1 Nf4 16. Rd1 Be5 17. g3 Nxe2 18. Kxe2 Rd8 19. f4 Bf6 20. h4 b6 21. Rhe1
Ba6+ 22. Kd2 Rac8 23. Re3 d5 24. exd5 exd5 25. Rf3 d4 26. Ne4 Be7 27. Kc1 Be2
28. Rf2 Bxd1 29. Kxd1 f5 30. Nd2 d3 31. c3 b5 32. Kc1 Rc6 33. Kb1 Bf6 34. c4 a6
35. Bxf6 Rxf6 36. Kb2 b4 37. Nf3 Rfd6 38. Rd2 Re8 39. Ne5 Red8 40. c5 Rd5 41.
c6 Rc5 42. Nd7 Rxc6 43. Rxd3 Rdc8 44. Rd2 Rc3 45. Rg2 Re3 46. Nf6+ Kg7 47. Nd5
Rd3 48. Ne7 Rcc3 49. Re2 Kf7 50. h5 Rc7 51. hxg6+ hxg6 52. Nxg6 Kxg6 53. Rg2
Rf3 54. g4 Rxf4 55. gxf5+ Kxf5 56. Rd2 Rc5 57. a3 a5 0-1

[Event "XXI Coppa Autunno"]
[Site "Ivrea ITA"]
[Date "2010.11.17"]
[Round "7"]
[White "Giunto, Stefano"]
[Black "Pitti, Gianluca"]
[Result "0-1"]
[WhiteElo "1392"]
[BlackElo "1440"]
[PlyCount "107"]
[EventDate "2010.10.02"]

1. e4 e5 2. Nf3 Nc6 3. Nc3 Nf6 4. d4 exd4 5. Nd5 Nxd5 6. exd5 Ne7 7. Qxd4 f6 8.
Bf4 d6 9. O-O-O Bg4 10. Re1 Bxf3 11. gxf3 Qd7 12. Qb4 O-O-O 13. Rd1 a6 14. Qd4
Kb8 15. Qb4 Nc8 16. Bxa6 Nb6 17. Bb5 Qf5 18. Qd4 Nc8 19. Rd3 c6 20. Ba4 cxd5
21. Rb3 Kc7 22. Qc3+ Kb8 23. Be3 Qxf3 24. Qb4 Qxh1+ 25. Kd2 b6 26. Bxb6 Qe4 27.
Bxd8+ Qxb4+ 28. Rxb4+ Ka7 29. Bc6 Ne7 30. Bb7 g6 31. Bc7 Bg7 32. Bxd6 Nc8 33.
Bg3 Bh6+ 34. Kd3 Rd8 35. Bc6 Bf8 36. Ra4+ Kb6 37. Ba8 Na7 38. Rxa7 Kxa7 39. Bc6
Kb6 40. Ba4 Bd6 41. Kd4 Bxg3 42. fxg3 h5 43. Bb3 Kc6 44. a4 g5 45. a5 f5 46.
Ba2 f4 47. gxf4 gxf4 48. Ke5 f3 49. c4 d4 50. b4 f2 51. b5+ Kc5 52. b6 f1=Q 53.
b7 Qe2+ 54. Kf5 0-1

[Event "XXI Coppa Autunno"]
[Site "Ivrea ITA"]
[Date "2010.11.18"]
[Round "7"]
[White "Listello, Massimiliano"]
[Black "Gennaro, Isabella"]
[Result "1-0"]
[WhiteElo "1558"]
[BlackElo "1640"]
[PlyCount "69"]
[EventDate "2010.10.02"]

1. Nf3 d5 2. d4 Nf6 3. c4 e6 4. Nc3 c5 5. e3 cxd4 6. Nxd4 dxc4 7. Qa4+ Bd7 8.
Qxc4 Nc6 9. Qd3 Nxd4 10. exd4 Bd6 11. Be2 h6 12. Bf3 Bc6 13. Bxc6+ bxc6 14. O-O
O-O 15. h3 c5 16. Be3 Qc7 17. Nb5 Qc6 18. dxc5 Be5 19. Nd4 Qd5 20. f4 Bxd4 21.
Qxd4 Qc6 22. Qc4 Rac8 23. b4 a6 24. Rad1 Nd5 25. Bd4 f6 26. f5 e5 27. Bxe5 Rcd8
28. Bd4 Kh8 29. Rde1 Nb6 30. Qxa6 Rxd4 31. Qxb6 Qxb6 32. cxb6 Rxb4 33. Rb1 Ra4
34. b7 Rb8 35. Rfc1 1-0

[Event "XXI Coppa Autunno"]
[Site "Ivrea ITA"]
[Date "2010.11.18"]
[Round "7"]
[White "Melling, Jonathon"]
[Black "Bosticardo, Tommaso"]
[Result "1/2-1/2"]
[WhiteElo "1905"]
[BlackElo "1558"]
[PlyCount "82"]
[EventDate "2010.10.02"]

1. d4 d5 2. c4 e6 3. Nc3 Nf6 4. Nf3 Be7 5. Bg5 O-O 6. e3 h6 7. Bh4 b6 8. Be2
Bb7 9. Rc1 Nbd7 10. O-O c5 11. Qa4 cxd4 12. Nxd4 Nc5 13. Qc2 Rc8 14. f3 dxc4
15. Bxc4 Nd5 16. Bxe7 Qxe7 17. Bxd5 Bxd5 18. Nxd5 exd5 19. Nf5 Qe6 20. Qb1 Nb7
21. Rfd1 Rc5 22. Rxc5 bxc5 23. Rxd5 g6 24. Nxh6+ Kg7 25. Nf5+ gxf5 26. Rxf5
Qxe3+ 27. Kf1 Re8 28. Qd1 Rd8 29. Rd5 Rxd5 30. Qxd5 Qc1+ 31. Kf2 Qxb2+ 32. Kg3
Kf8 33. h4 Qb6 34. f4 Qg6+ 35. Kf3 Qb6 36. h5 Nd8 37. Kg3 Ne6 38. Kg4 Qb2 39.
g3 Qe2+ 40. Kh4 Qh2+ 41. Kg4 Qe2+ 1/2-1/2

[Event "XXI Coppa Autunno"]
[Site "Ivrea ITA"]
[Date "2010.11.18"]
[Round "7"]
[White "Trovero, Leo"]
[Black "Caserio, Federico"]
[Result "1-0"]
[WhiteElo "1455"]
[BlackElo "1389"]
[PlyCount "45"]
[EventDate "2010.10.02"]

1. d4 d5 2. c4 e6 3. Nc3 Nf6 4. Bg5 Be7 5. e3 Nbd7 6. Nf3 b6 7. Rc1 c5 8. cxd5
exd5 9. Bb5 O-O 10. O-O a6 11. Bc6 Ra7 12. Nxd5 Nxd5 13. Bxe7 Nxe7 14. Bxd7
Rxd7 15. Qc2 Rc7 16. Ng5 Bf5 17. e4 Bg6 18. b4 Qxd4 19. a3 Rfc8 20. Rfd1 Qe5
21. Qd2 h6 22. Qd8+ Rxd8 23. Rxd8# 1-0

[Event "XXI Coppa Autunno"]
[Site "Ivrea ITA"]
[Date "2010.11.20"]
[Round "8"]
[White "Bosticardo, Tommaso"]
[Black "Caresana, Alessandro"]
[Result "1-0"]
[WhiteElo "1558"]
[BlackElo "2003"]
[PlyCount "87"]
[EventDate "2010.10.02"]

1. d4 g6 2. c4 Bg7 3. Nc3 d6 4. e4 Nc6 5. Be3 e5 6. Nge2 f5 7. f3 fxe4 8. Nxe4
Nf6 9. Nxf6+ Qxf6 10. d5 Nd4 11. Ng3 Bf5 12. Bd3 O-O 13. Ne4 Bxe4 14. Bxe4 Nf5
15. Bf2 Bh6 16. Qe2 Qg5 17. O-O b6 18. Rfe1 Ng7 19. b4 Nh5 20. a4 Nf4 21. Qf1
Bg7 22. a5 h5 23. h4 Qe7 24. g3 g5 25. gxf4 Rxf4 26. Bg3 Raf8 27. Bxf4 Rxf4 28.
hxg5 Rh4 29. Qg2 b5 30. Rac1 Qd7 31. Kf2 bxc4 32. Rh1 Rxh1 33. Qxh1 Qa4 34.
Rxc4 Qb3 35. Qf1 h4 36. Qd3 Qb2+ 37. Qc2 Qa1 38. Bh7+ Kh8 39. Rxh4 e4 40. Rxe4
Be5 41. Rh4 Bd4+ 42. Ke2 Qg1 43. Bf5+ Kg8 44. Be6+ 1-0

[Event "XXI Coppa Autunno"]
[Site "Ivrea ITA"]
[Date "2010.11.25"]
[Round "8"]
[White "Caserio, Federico"]
[Black "Agostino, Pietro"]
[Result "1/2-1/2"]
[WhiteElo "1389"]
[BlackElo "1520"]
[PlyCount "80"]
[EventDate "2010.10.02"]

1. e4 e5 2. Nf3 d6 3. Nc3 Nf6 4. d4 Nbd7 5. d5 Be7 6. Bc4 Nc5 7. Qe2 O-O 8. b4
Ncd7 9. O-O Re8 10. Nh4 Nb6 11. Bb5 Bd7 12. Bxd7 Qxd7 13. Nf5 c6 14. Rd1 cxd5
15. Nxe7+ Qxe7 16. exd5 Rec8 17. Qf3 a6 18. Bg5 Nbd7 19. Rac1 b5 20. Ne4 Kf8
21. Rd3 h6 22. Bxf6 Nxf6 23. Nxf6 Qxf6 24. Qxf6 gxf6 25. Rh3 Kg7 26. Rg3+ Kh7
27. h4 Rc4 28. h5 Rxb4 29. Kh2 Rh4+ 30. Rh3 Rg4 31. f3 Rg5 32. g4 Rc8 33. c3 f5
34. Kg3 fxg4 35. fxg4 f5 36. Rh4 f4+ 37. Kf3 Rc4 38. a3 a5 39. Rh2 Kg7 40. Rb2
Rc5 1/2-1/2

[Event "XXI Coppa Autunno"]
[Site "Ivrea ITA"]
[Date "2010.11.25"]
[Round "8"]
[White "Gennaro, Isabella"]
[Black "Trovero, Leo"]
[Result "1-0"]
[WhiteElo "1640"]
[BlackElo "1455"]
[PlyCount "93"]
[EventDate "2010.10.02"]

1. e4 d6 2. d4 Nf6 3. Nc3 g6 4. h3 Bg7 5. Nf3 O-O 6. Bc4 Nbd7 7. Bf4 Nh5 8. Ne2
Nxf4 9. Nxf4 e5 10. dxe5 dxe5 11. Nd3 Nb6 12. Bb3 Qd6 13. Qd2 Be6 14. Bxe6 Qxe6
15. b3 Rad8 16. O-O f6 17. Rad1 Qf7 18. Qc3 Rfe8 19. Nc5 c6 20. a4 f5 21. Ng5
Qf6 22. Rxd8 Qxd8 23. Nge6 Qb8 24. Nxg7 Kxg7 25. exf5 gxf5 26. Rd1 Nd5 27. Qg3+
Kh8 28. c4 f4 29. Qh4 b6 30. Ne4 Ne7 31. Nf6 Kg7 32. Rd7 Kg6 33. Nxe8 Qxe8 34.
Rxe7 Qg8 35. Qg4+ Kf6 36. Qxg8 Kxe7 37. Qxh7+ Kd6 38. Qxa7 b5 39. axb5 cxb5 40.
cxb5 f3 41. b6 fxg2 42. b7 e4 43. b8=R e3 44. fxe3 Kd5 45. Qd7+ Ke4 46. Re8+
Kf3 47. Qg4# 1-0

[Event "XXI Coppa Autunno"]
[Site "Ivrea ITA"]
[Date "2010.11.25"]
[Round "8"]
[White "Paonessa, Denis"]
[Black "Chiarotto, Filippo"]
[Result "0-1"]
[WhiteElo "1902"]
[BlackElo "2119"]
[PlyCount "46"]
[EventDate "2010.10.02"]

1. e4 c5 2. Nf3 a6 3. c4 d6 4. d4 Bg4 5. dxc5 Qa5+ 6. Nc3 dxc5 7. Qb3 Nd7 8.
Qxb7 Rb8 9. Qc6 Bxf3 10. gxf3 e6 11. Qa4 Qb6 12. b3 Ne7 13. Bf4 Rd8 14. Rd1 Nc6
15. e5 Nd4 16. Bg2 Be7 17. O-O O-O 18. Qa3 Qc7 19. Qb2 Nxe5 20. Bg3 Nexf3+ 21.
Kh1 Qa5 22. Ne4 f5 23. Nd2 Nxd2 0-1

[Event "XXI Coppa Autunno"]
[Site "Ivrea ITA"]
[Date "2010.11.20"]
[Round "8"]
[White "Petrone, Denise"]
[Black "Ganio Ottavio, Gabriele"]
[Result "1-0"]
[WhiteElo "1404"]
[BlackElo "1446"]
[PlyCount "55"]
[EventDate "2010.10.02"]

1. e4 e5 2. Nf3 Nc6 3. d4 d6 4. Bb5 Qd7 5. d5 Qd8 6. dxc6 bxc6 7. Bxc6+ Bd7 8.
Bxa8 Qxa8 9. Nc3 c6 10. O-O d5 11. exd5 cxd5 12. Nxd5 Bc6 13. Nc7+ Ke7 14. Nxa8
Bxa8 15. Nxe5 f6 16. Nc4 Ke8 17. Nd6+ Bxd6 18. Qxd6 Ne7 19. Qb8+ Kf7 20. Qxh8
Ng8 21. Qxh7 Ne7 22. Qd3 Nc6 23. Re1 Nb4 24. Qe2 Nd5 25. Qe6+ Kg6 26. Qe8+ Kf5
27. Qxa8 Nc7 28. Qe4# 1-0

[Event "XXI Coppa Autunno"]
[Site "Ivrea ITA"]
[Date "2010.11.20"]
[Round "8"]
[White "Pitti, Gianluca"]
[Black "Bogatto, Mario"]
[Result "0-1"]
[WhiteElo "1440"]
[BlackElo "1455"]
[PlyCount "50"]
[EventDate "2010.10.02"]

1. e4 c5 2. d3 e6 3. Nf3 Nc6 4. Be3 Nf6 5. Be2 d6 6. Nc3 a6 7. O-O Be7 8. Qd2
Ng4 9. Ng5 Nxe3 10. Qxe3 Bxg5 11. Qg3 Bf6 12. Nd1 Nd4 13. Bf3 Be5 14. Qh3 Nxf3+
15. Qxf3 Qf6 16. Qxf6 Bxf6 17. c3 b5 18. Rc1 Bb7 19. Re1 O-O 20. Rc2 Be5 21. c4
b4 22. Ne3 h5 23. a3 a5 24. axb4 axb4 25. Rb1 Bd4 0-1

[Event "XXI Coppa Autunno"]
[Site "Ivrea ITA"]
[Date "2010.11.25"]
[Round "8"]
[White "Razzano, Lorenzo"]
[Black "Melling, Jonathon"]
[Result "0-1"]
[WhiteElo "1928"]
[BlackElo "1905"]
[PlyCount "76"]
[EventDate "2010.10.02"]

1. Nc3 c5 2. Nf3 d6 3. e4 a6 4. h3 e6 5. d4 cxd4 6. Nxd4 Nf6 7. g4 b5 8. Bg2
Bb7 9. a3 Qc7 10. Qe2 Be7 11. Be3 Nc6 12. g5 Nd7 13. Nxc6 Bxc6 14. f4 Qb7 15.
O-O Nc5 16. Bd4 e5 17. fxe5 Ne6 18. exd6 Nxd4 19. Qf2 Ne2+ 20. Qxe2 Bxd6 21.
Rad1 Rd8 22. Nd5 O-O 23. Qg4 Kh8 24. Kh1 Bd7 25. Qh4 Qb8 26. Rxf7 Rxf7 27. g6
Rf1+ 28. Rxf1 h6 29. Nf6 Be6 30. Ng4 Qc7 31. e5 Be7 32. Qe1 Qxc2 33. Rf2 Qxg6
34. Be4 Bd5 35. Bxd5 Rxd5 36. Qe2 Qc6 37. Kh2 h5 38. Nf6 Rxe5 0-1

[Event "XXI Coppa Autunno"]
[Site "Ivrea ITA"]
[Date "2010.11.25"]
[Round "8"]
[White "Renzini, Lorenzo"]
[Black "Listello, Massimiliano"]
[Result "0-1"]
[WhiteElo "1751"]
[BlackElo "1558"]
[PlyCount "44"]
[EventDate "2010.10.02"]

1. c4 Nf6 2. Nc3 g6 3. g3 Bg7 4. Bg2 O-O 5. Nf3 d6 6. O-O Nc6 7. Rb1 Bf5 8. d3
Qd7 9. b4 e5 10. b5 Nd8 11. Nd2 Bh3 12. Nde4 Nxe4 13. Nxe4 Bxg2 14. Kxg2 Ne6
15. Bh6 f5 16. Bxg7 Kxg7 17. Nc3 f4 18. Qd2 Ng5 19. Ne4 Qh3+ 20. Kh1 Nxe4 21.
dxe4 fxg3 22. fxg3 Rxf1+ 0-1

[Event "XXI Coppa Autunno"]
[Site "Ivrea ITA"]
[Date "2010.11.20"]
[Round "8"]
[White "Tricerri, Pierino"]
[Black "Giachino, Adriano"]
[Result "0-1"]
[WhiteElo "1523"]
[BlackElo "1711"]
[PlyCount "36"]
[EventDate "2010.10.02"]

1. d4 d5 2. c4 e6 3. Nc3 g6 4. e4 b6 5. exd5 Bb7 6. dxe6 Qe7 7. Nf3 Bg7 8. Bf4
Nf6 9. Nb5 Na6 10. Be2 fxe6 11. O-O O-O 12. Re1 Rad8 13. Bd3 Ng4 14. Ng5 Rxf4
15. Nxe6 Qh4 16. Nxf4 Qxf2+ 17. Kh1 Qxf4 18. d5 Qxh2# 0-1